[Event "11th KIIT Festival 2018"]
[Site "Bhubaneswar"]
[Date "2018.05.31"]
[Round "9"]
[White "Dixit, Nikhil"]
[Black "Laxman, R R"]
[Result "0-1"]
[WhiteElo "2271"]
[BlackElo "2444"]
[Annotator "TA"]
[PlyCount "55"]
[EventDate "2018.??.??"]
[EventType "swiss"]
[EventCountry "IND"]
[SourceTitle "playchess.com"]
[Source "ChessBase"]
[SourceQuality "1"]

{[%evp 22,55,25,21,18,-35,-25,-35,-37,-31,-29,-32,-19,-18,-32,-114,-120,-133,-110,-109,-104,-158,-167,-164,-159,-172,-163,-172,-162,-182,-172,-176,-158,-209,-219,-281]} 1. e4 e5 2. Nf3 Nc6 3. Nc3 Nf6 4. d4 exd4 5. Nxd4 Bb4 6. Nxc6 bxc6 7. Bd3 d5 8. exd5 Qe7+ 9. Kf1 {C47: Scotch Four Knights and Four Knights with 4 g3} (9. Qe2 Qxe2+ 10. Kxe2 cxd5 11. a3 Bxc3 12. bxc3 O-O 13. Be3 Re8 14. Kd2 Ne4+ 15. Bxe4 Rxe4 16. Rab1 a6 17. Rb4 Bd7 18. Rhb1 Rxb4 19. Rxb4 {½-½ (31) Mamedov,R (2684)-Mamedyarov,S (2762) Novi Sad 2016}) 9... cxd5 10. Bg5 Bxc3 11. bxc3 O-O 12. Qf3 $1 {LiveBook: 3 Games} ({Reject} 12. Bxf6 Qxf6 13. Qh5 g6 $15) 12... Re8 13. Bb5 $146 {[#]} (13. Bxf6 $11 Qxf6 14. Qxf6 gxf6 15. f4) ({Predecessor:} 13. h4 Ne4 14. Bxe7 Nd2+ 15. Ke2 Nxf3 16. Kxf3 Rxe7 {½-½ (30) Odeev,H (2405)-Aleksandrov,A (2530) Voskresensk 1993}) 13... c6 $1 $15 {[%mdl 512]} 14. Bxf6 (14. Bxc6 Ba6+) 14... gxf6 {[%cal Bg7f6,Bf6f5][%mdl 32]} 15. Bd3 (15. Bxc6 {leads to mate.} Ba6+ 16. Bb5 Bxb5+ 17. c4 Bxc4+ 18. Qd3 Bxd3+ 19. cxd3 Qe2+ 20. Kg1 Qe1+ $1 {[%mdl 512]} 21. Rxe1 Rxe1#) 15... Qe5 16. Rd1 Rb8 17. g4 Kg7 $36 {[%mdl 2048] Black is pushing.} 18. h4 ({Better is} 18. Rg1 $15) 18... Qxc3 $17 19. g5 {[#]} f5 $1 {[%mdl 512]} 20. h5 (20. Bxf5 Qxf3) 20... Rb4 21. Rh3 (21. g6 $142) 21... Qe5 {Black is clearly better.} 22. g6 fxg6 23. hxg6 hxg6 24. Qh1 Qf6 25. Rh7+ Kg8 26. c4 Rb7 ({Inferior is} 26... dxc4 27. Rc7 $11) 27. Rh6 {[#]} (27. Rxb7 $17 Bxb7 28. cxd5) 27... Be6 $1 $19 28. Re1 {Precision: White = 53%, Black = 100%.} 0-1

[Event "11th KIIT Festival 2018"]
[Site "Bhubaneswar"]
[Date "2018.05.31"]
[Round "9"]
[White "Raahul V S"]
[Black "Gukesh D"]
[Result "1-0"]
[WhiteElo "2231"]
[BlackElo "2426"]
[Annotator "TA"]
[PlyCount "111"]
[EventDate "2018.??.??"]
[EventType "swiss"]
[EventCountry "IND"]
[SourceTitle "playchess.com"]
[Source "ChessBase"]
[SourceQuality "1"]

{[%evp 16,111,37,16,29,6,6,6,6,8,15,8,12,-34,-21,-37,-30,-33,16,30,38,45,27,-139,-131,-138,-68,-60,60,62,153,167,262,259,245,231,306,98,104,101,96,62,55,55,60,56,49,60,56,51,145,139,127,137,133,121,157,168,231,230,210,145,175,180,224,215,485,462,509,509,502,470,492,464,745,744,882,771,29969,29970,29971,29972,29972,29973,29971,29973,29975,29976,29976,29977,29977,29978,29978,29979,29973,29974,29972,12363]} 1. c4 e5 2. g3 Nc6 3. Bg2 d6 4. Nc3 Be6 5. d3 Qd7 6. Rb1 g6 7. b4 {[%cal Bb2b4,Bb4b5][%mdl 32]} Bg7 8. b5 Nd8 9. Nd5 {LiveBook: 20 Games} f5 {A25: English Opening vs King's Indian with ...Nc6 but without early d3} 10. e3 c6 11. bxc6 bxc6 {The position is equal.} 12. Nc3 Nf6 $146 ({Predecessor:} 12... Ne7 13. Nge2 O-O 14. O-O g5 15. f4 gxf4 16. exf4 e4 17. Ba3 {1-0 (34) Ehlvest,J (2622)-Slapikas,V (2423) Mezezers 2000}) 13. Nge2 O-O 14. Qa4 e4 15. Nd4 exd3 16. O-O $1 Ne4 17. Nxe4 fxe4 18. Bxe4 Bh3 19. Re1 $2 (19. Rd1 $11) 19... Qf7 $1 $17 {[%cal Rf7f2]} 20. Rb2 Re8 (20... d5 $17 21. Bxd3 (21. cxd5 c5 $17) 21... c5 22. cxd5 cxd4 23. exd4 Rb8 $1 {[%mdl 512]}) 21. f3 $15 Ne6 ({Black should play} 21... Bd7 $1 $15 22. Qb3 Rc8) 22. Nxe6 $14 Rxe6 ({Better is} 22... Bxe6 $14 23. Bxc6 Bxb2 24. Bxb2 d2) 23. Qxc6 $16 Rf8 (23... Bxb2 $142 24. Qxa8+ Re8) 24. Rb7 $18 Re7 25. Bd5 Rxb7 26. Qxb7 $2 ({Weaker is} 26. Qxd6 Rd7 $16) (26. Bxf7+ $18 Rbxf7 27. Qd5 (27. Qxd6 Rd7 $16)) 26... Be6 $16 27. Qxf7+ Bxf7 28. Bxf7+ Kxf7 {[%mdl 4096] Endgame KRB-KRB} 29. Rd1 Ke6 30. Rxd3 {Ba3 is the strong threat.} Rxf3 31. Ra3 Rf7 32. Ra6 Rc7 {[#]} (32... Ke5 $14) 33. Ba3 $1 Rxc4 34. Bxd6 Kf5 35. Kg2 {aiming for Kf3.} Ke4 36. Rxa7 Rc2+ (36... Bf6 {is a better defense.} 37. Rxh7 Rc6) 37. Kh3 $18 Bf6 38. Be7 Be5 39. Bg5 h5 40. Bf4 Bf6 $2 (40... Bb2 41. Ra6 Kf5 42. Ra5+ Ke4 43. Ra4+ Kf5 44. e4+ Kf6) 41. Ra6 Bd8 {White should prevent ...g5.} 42. Rxg6 Rxa2 43. Re6+ Kf3 44. Re5 h4 (44... Ra7 $142 45. Rf5 Ke4 46. Rxh5 Bf6) 45. gxh4 {[%cal Bg3h4,Bh4h5,Bh5h6][%mdl 32]} Bc7 46. Rf5 Bxf4 47. exf4 {KR-KR. White mates.} Ke4 48. Rf6 Ra3+ 49. Kg4 Ra2 50. h5 Rxh2 51. h6 Rh1 52. Kg5 Rg1+ 53. Kh5 Rh1+ 54. Kg6 Rg1+ 55. Kf7 Rh1 56. Kg7 {Precision: White = 76%, Black = 43%.} 1-0

[Event "11th KIIT Festival 2018"]
[Site "Bhubaneswar"]
[Date "2018.05.31"]
[Round "9"]
[White "Ram, S  Krishnan"]
[Black "Shyaamnikhil P"]
[Result "1-0"]
[WhiteElo "2194"]
[BlackElo "2401"]
[Annotator "TA"]
[PlyCount "71"]
[EventDate "2018.??.??"]
[EventType "swiss"]
[EventCountry "IND"]
[SourceTitle "playchess.com"]
[Source "ChessBase"]
[SourceQuality "1"]

{[%evp 14,71,28,-17,-12,-10,-15,-29,-24,-12,0,-35,-39,-44,64,69,37,52,47,37,46,30,98,98,83,77,96,101,107,88,88,85,102,91,85,42,42,51,58,56,50,42,81,85,92,75,123,121,154,141,147,144,131,119,191,183,612,523,453,414]} 1. Nf3 c5 2. c4 Nc6 3. d4 cxd4 4. Nxd4 Nf6 5. Nc3 e6 6. a3 Nxd4 7. Qxd4 b6 {A33: Englische Eröffnung (Symmetrische Variante)} 8. Bg5 {LiveBook: 7 Partien} (8. e4 Bc5 9. Qd1 Bb7 10. Bd3 Qb8 11. Qe2 Bc6 12. O-O h5 13. Nd5 Ng4 14. Bf4 Bd6 15. Bxd6 Qxd6 {0-1 (32) Zhou,W (2635)-Rapport,R (2717) China 2016}) 8... Bc5 9. Qh4 h6 $146 {Die Stellung ist ausgeglichen.} ({Vorgänger:} 9... Bb7 10. Rd1 a6 11. e4 Qc7 12. Be2 Be7 13. O-O h6 14. Rc1 Rg8 15. Bf4 {1-0 (62) Baert,A (2164)-Lei,T (2531) Caleta 2018}) 10. e3 Bb7 11. Bxf6 gxf6 12. O-O-O f5 13. Qg3 a6 {[#]} (13... Qf6 $15) 14. Nd5 $1 $14 {[%mdl 512]} Bxd5 (14... exd5 15. Qe5+) 15. cxd5 Qf6 16. dxe6 dxe6 17. Kb1 Qg5 {[#]} (17... a5 $11 {hält das Gleichgewicht.}) 18. Bxa6 $1 $16 O-O 19. Bb5 Rad8 20. Bd7 Kh7 21. Qxg5 hxg5 22. h4 {[%cal Bh2h4,Bh4h5][%mdl 32]} Kg6 23. b4 Be7 24. h5+ Kh6 25. Kc2 Rb8 26. Kb3 b5 27. Rc1 $36 {[%mdl 2048] Weiss kämpft um Vorteil.} Rb7 28. Bc6 Rb6 29. Bf3 Rd8 {[#]} 30. Rhd1 $1 g4 31. Rxd8 Bxd8 32. Be2 Kxh5 33. Rc5 Kg6 (33... Rd6 $16 {war einen Versuch wert.} 34. Bxb5 Kg5) 34. Rxb5 $18 g3 $2 (34... Rd6) 35. Rxb6 Bxb6 36. a4 {Precision: Weiß = 76%, Schwarz = 41%.} 1-0

[Event "11th KIIT Festival 2018"]
[Site "Bhubaneswar"]
[Date "2018.05.31"]
[Round "9"]
[White "Surendran N"]
[Black "Neverov, Valeriy"]
[Result "1/2-1/2"]
[WhiteElo "2114"]
[BlackElo "2496"]
[Annotator "TA"]
[PlyCount "146"]
[EventDate "2018.??.??"]
[EventType "swiss"]
[EventCountry "IND"]
[SourceTitle "playchess.com"]
[Source "ChessBase"]
[SourceQuality "1"]

{[%evp 14,146,-1,-29,-18,-36,-20,-35,-18,-54,-61,-64,-52,-59,-54,-102,-102,-102,-80,-89,-82,-107,-107,-102,-111,-87,-58,-54,-58,-60,-65,-66,-47,-107,-109,-138,-101,-106,-104,-221,-221,-215,-154,-158,-131,-189,-139,-168,-162,-162,-162,-162,-162,-162,-162,-204,-159,-207,-243,-243,-172,-208,-201,-243,-170,-258,-243,-250,-251,-251,-252,-297,-235,-1065,-1007,-995,-908,-860,-756,-835,-694,-586,-189,-190,0,0,0,0,0,0,0,0,0,0,0,0,0,0,0,0,0,0,0,0,0,0,0,0,0,0,0,0,0,0,0,0,0,0,0,0,0,0,0,0,0,0,0,0,0,0,0,0,0,0,0]} 1. d4 Nf6 2. Nf3 e6 3. c4 b6 4. a3 Bb7 5. Nc3 Ne4 6. Qc2 Nxc3 {E12: Queen's Indian: Unusual White 4th moves, 4 a3, 4 Nc3 Bb7 5 a3 and 4 Nc3 Bb7} 7. Qxc3 Be7 8. g3 {LiveBook: 15 Games} (8. e3 O-O 9. Bd3 c5 10. d5 d6 11. e4 Nd7 12. h4 Bf6 13. Qc2 Ne5 14. Ng5 {½-½ (36) Li,C (2744)-Rapport,R (2675) Tbilisi 2017}) 8... Bf6 {Black has an edge.} 9. Qd3 d5 10. c5 $146 ({Predecessor:} 10. cxd5 exd5 11. Bg2 O-O 12. O-O c5 13. Bf4 Nd7 14. Rad1 Re8 15. Rfe1 Qe7 {½-½ (15) Donchenko,A (2391)-Romanishin,O (2534) Groningen 2010}) 10... O-O 11. Bg2 bxc5 12. Qb5 Qc8 13. Qxc5 Nd7 14. Qc2 c5 15. Be3 cxd4 16. Qxc8 Rfxc8 17. Bxd4 e5 18. Bh3 exd4 19. Bxd7 Rc2 20. Bf5 Rxb2 21. Bd3 a5 22. O-O Ba6 $36 {[%mdl 2048] White is under pressure.} 23. Rfd1 (23. Rab1 $15 Rxb1 24. Rxb1 Bxd3 25. exd3) 23... Rxe2 $17 24. Rab1 h5 25. Bxa6 Rxa6 26. Rb5 (26. Nxd4 $17 {was necessary.} Ra2 27. Nb5) 26... Ra2 $19 27. Rd3 Be7 28. Rxd4 Rxa3 29. Kg2 Rd6 30. Ne5 Bf6 31. Rdxd5 Rxd5 32. Rxd5 Bxe5 33. Rxe5 {[%mdl 4096] Endgame [#] KR-KR} g6 $1 34. h4 Kg7 35. Rb5 a4 36. Ra5 Ra1 37. Ra6 a3 38. Kf3 Kf8 39. Ra7 (39. Kf4 {was worth a try.}) 39... f6 40. Kg2 Ke8 41. Kf3 Kd8 42. Kg2 Kc8 43. Ra6 $2 (43. Kf3) 43... Kb7 44. Ra4 Kb6 45. Ra8 Kb5 46. Rb8+ Kc6 47. Ra8 f5 $2 (47... Kc5 48. Rc8+ Kd4) 48. Kf3 Kc5 $2 (48... Ra2 $19 49. Ke3 Kc5) 49. Kf4 $1 $11 {The position is equal.} Kb4 {aiming for ...Rd1.} 50. Kg5 Rc1 51. Rb8+ Kc3 {Strongly threatening ...a2.} 52. Rc8+ Kb2 53. Rb8+ Kc2 {And now ...a2 would win.} 54. Ra8 Kb2 {Threatens to win with ...Rc6.} 55. Kxg6 Rf1 56. Kxh5 Rxf2 57. Kg5 a2 58. Rb8+ Kc1 59. Ra8 Kb1 60. h5 a1=Q 61. Rxa1+ Kxa1 {KR-KPP} 62. h6 Kb2 63. h7 Rh2 64. Kxf5 Rxh7 {...Rf7+ is the strong threat. KR-KP} 65. g4 Rf7+ 66. Ke5 Rg7 67. Kf5 Kc3 68. g5 Kd4 69. Kf6 Ra7 70. g6 Ra6+ 71. Kf7 Ke5 {( -> ...Ra7+)} 72. g7 Ra7+ 73. Kg6 {[#]} Rxg7+ $1 {[%mdl 512] Precision: White = 59%, Black = 73%.} 1/2-1/2

[Event "11th KIIT Festival 2018"]
[Site "Bhubaneswar"]
[Date "2018.06.01"]
[Round "10"]
[White "Kravtsiv, Martyn"]
[Black "Ghosh, Diptayan"]
[Result "1-0"]
[WhiteElo "2655"]
[BlackElo "2536"]
[Annotator "TA"]
[PlyCount "48"]
[EventDate "2018.??.??"]
[EventType "swiss"]
[EventCountry "IND"]
[SourceTitle "playchess.com"]
[Source "ChessBase"]
[SourceQuality "1"]

{[%evp 18,48,0,0,0,0,0,0,11,10,8,22,11,14,19,27,28,26,29,17,40,35,30,24,23,21,115,118,467,462,460,461,704]} 1. d4 Nf6 2. Bf4 d5 3. Nf3 c5 4. e3 Nc6 5. Nbd2 (5. c3 e6 6. Nbd2 Bd6 7. dxc5 Bxc5 8. Bd3 h6 9. Qe2 Nh5 10. Bg3 Nxg3 11. hxg3 Bd7 12. e4 dxe4 13. Nxe4 Be7 14. g4 Qc7 15. g5 O-O-O 16. gxh6 gxh6 {½-½ (101) Mamedyarov,S (2809)-Nakamura,H (2787) Moscow 2018}) 5... Qb6 6. dxc5 {D02: Damenbauernspiele} Qxb2 7. Rb1 Qc3 8. Bb5 e6 9. O-O Be7 10. Ne5 {LiveBook: 12 Partien} Bd7 11. Ndf3 O-O $146 ({Vorgänger:} 11... Nxe5 12. Bxe5 Qxc5 13. Bxf6 Bxb5 14. Bxg7 {½-½ (20) Fernandez,J (2397)-Garcia Moretti,G (2205) ICCF email 2016}) 12. e4 Rfd8 13. Nxd7 Nxd7 14. exd5 exd5 15. Re1 {Schwarz muss nun Lxc6 beachten.} Qxc5 16. Bd3 Nb6 17. Rb5 Qa3 18. Rb3 Qc5 $1 19. Ne5 Nxe5 20. Bxe5 g6 21. Qg4 $40 {[%mdl 128] zielt auf Lxg6 ab. Weiss hat einigen Angriff.} Qc8 {[#]} (21... Qc6 $11 {bleibt in der Remisbreite.}) 22. Qf4 $1 $16 {[%mdl 1024] Weiss hat starke Kompensation.} Qe6 $2 {[%mdl 8192]} (22... Re8 $16) 23. Bc3 $18 Qd6 {[#]} 24. Qd4 $1 {[%csl Gc3][%cal Rd4h8]} f6 {Precision: Weiß = 100%, Schwarz = 26%.} (24... Bf6 $142 25. Qxf6 Qxf6 26. Bxf6 Re8) 1-0

[Event "11th KIIT Festival 2018"]
[Site "Bhubaneswar"]
[Date "2018.06.01"]
[Round "10"]
[White "Amonatov, Farrukh"]
[Black "Rahman, Ziaur"]
[Result "1-0"]
[WhiteElo "2608"]
[BlackElo "2495"]
[Annotator "TA"]
[PlyCount "153"]
[EventDate "2018.??.??"]
[EventType "swiss"]
[EventCountry "IND"]
[SourceTitle "playchess.com"]
[Source "ChessBase"]
[SourceQuality "1"]

{[%evp 19,153,22,40,19,40,12,14,13,27,0,34,23,38,20,18,18,29,20,25,35,40,36,32,33,82,79,103,93,97,61,66,36,32,14,33,22,44,-2,30,29,28,27,35,23,28,0,22,4,20,0,26,-6,20,0,0,-7,0,0,0,0,34,5,64,39,64,59,72,30,47,25,38,45,67,0,68,-2,0,-6,6,13,61,33,49,37,77,21,31,24,24,17,75,41,39,32,32,28,55,0,0,0,0,-15,14,-12,0,0,0,0,10,0,0,0,35,47,95,55,131,115,134,114,243,242,529,525,527,540,534,526,523,531,492,500,1460,1443,1485,981]} 1. e4 g6 2. d4 Bg7 3. Nc3 c6 4. Bc4 d6 5. Nf3 Nf6 6. Bb3 O-O 7. O-O Bg4 8. h3 Bxf3 9. Qxf3 Nbd7 10. Bg5 {B08: Pirc Defence: Classical System} (10. Be3 e6 11. Rfe1 Kh8 12. Qg3 d5 13. e5 Ng8 14. f4 Ne7 15. Bf2 Rc8 16. Ne2 f6 17. c3 fxe5 18. dxe5 {1-0 (55) Popov,I (2618)-Rahman,Z (2515) Benasque 2014}) 10... Qa5 {LiveBook: 6 Games} 11. Be3 Rab8 12. Rfd1 $146 {White is slightly better.} ({Predecessor:} 12. Qe2 c5 13. dxc5 Nxc5 14. Bxc5 Qxc5 15. Rad1 Nh5 16. Na4 Qc7 17. c4 b6 18. Qe3 Nf6 {½-½ (18) Zavernyaev,V-Vaskin,V Russia 1997}) 12... c5 13. dxc5 Nxc5 14. Bd4 Ncd7 15. Qe2 a6 16. Nd5 Nxd5 17. exd5 Rfe8 18. c3 b5 19. Bxg7 Kxg7 20. Rd4 Qc7 21. Re1 Nc5 22. Qd2 Nd7 23. Rh4 {White threatens Qh6+ and mate.} Nf6 24. Qh6+ Kh8 $1 25. Re3 Rg8 {...g5 is the strong threat.} 26. Qg5 Rg7 27. Rf4 Qd8 28. Re2 Rg8 29. Rf3 Kg7 30. Qf4 Re8 31. Rfe3 Rb7 32. Qd4 Qb8 33. Rf3 Qa7 34. Qf4 Rbb8 35. Rfe3 Rbc8 36. Re1 Rc5 37. Rf3 Rf8 38. Qd4 Rc7 39. Qd2 Ng8 40. Re4 Qc5 (40... Qb7 $11) 41. Rd4 $36 {[%mdl 2048] White fights for an advantage.} Rcc8 42. Re3 Rc7 43. Rde4 Qa7 44. Rf4 Qc5 45. Ref3 Rcc8 46. h4 (46. Rh4 $14) 46... Nf6 {[#]} (46... h5 $1 $11) 47. Rh3 ({White should play} 47. h5 $1 $14 {[%mdl 512]}) 47... h5 $11 48. Rg3 Rb8 49. Rd4 Ng4 50. Bd1 Nf6 51. Bc2 Rh8 52. a3 (52. f4 $16) 52... Rbe8 53. Qg5 Rh6 54. Rf3 Rf8 (54... Rb8 $11) 55. Rdf4 (55. Re3 $5 {[%cal Re3e7]} Re8 56. a4 $14) 55... Ng8 56. Re4 Qa7 57. Rfe3 {[%cal Re4e7]} Re8 58. Qf4 (58. Re1 $14) 58... Nf6 59. Rd4 Rhh8 60. Rf3 Ref8 61. Bb3 Qd7 62. Qd2 Qa7 63. Rdf4 Ng4 64. Bd1 Ne5 65. Rg3 Qc5 66. Be2 Nd7 67. b4 Qa7 (67... Qb6 $14) 68. c4 $16 bxc4 69. Rxc4 {[%cal Bf4c4,Bc4c6,Bc6a6][%mdl 32]} ({Don't play} 69. Bxc4 $6 Rc8 $11) 69... Ne5 {[#]} (69... Nf6 $16 {was called for.}) 70. Qc3 $1 $18 Qb6 $2 (70... Kg8) 71. Rc6 {White is clearly winning.} Qa7 72. Rxa6 Qb7 73. f4 {[%cal Bf2f4,Bf4e5,Be5d6][%mdl 32]} Qxd5 {And now ...Rc8 would win.} 74. fxe5 Rc8 75. Qe3 Qa2 (75... Qxe5 $142 76. Qxe5+ dxe5) 76. exd6 Qa1+ 77. Bf1 {Precision: White = 44%, Black = 30%.} 1-0

[Event "11th KIIT Festival 2018"]
[Site "Bhubaneswar"]
[Date "2018.06.01"]
[Round "10"]
[White "Rozum, Ivan"]
[Black "Visakh N R"]
[Result "1-0"]
[WhiteElo "2581"]
[BlackElo "2467"]
[Annotator "TA"]
[PlyCount "129"]
[EventDate "2018.??.??"]
[EventType "swiss"]
[EventCountry "IND"]
[SourceTitle "playchess.com"]
[Source "ChessBase"]
[SourceQuality "1"]

{[%evp 18,129,41,47,72,49,52,33,33,25,26,30,31,22,23,23,30,21,29,12,12,14,20,9,17,8,7,0,9,5,4,5,7,0,31,9,41,45,33,31,33,25,45,46,95,83,92,80,95,69,69,69,76,69,233,236,311,311,307,299,353,357,357,357,357,357,352,352,371,362,362,361,342,310,310,310,347,345,369,350,369,365,357,351,345,332,1226,1193,1357,1194,5949,5435,29966,29971,29974,29975,29976,29976,29977,29977,29977,29978,29978,29974,29971,29970,29971,29970,29943,8237,5431,4923,1491,625]} 1. Nf3 Nf6 2. g3 d5 3. Bg2 c6 4. c4 dxc4 5. O-O Nbd7 {[%cal Bb8d7,Bd7b6,Bb6c4][%mdl 32]} 6. Na3 {A11: Reti-Eröffnung} Nb6 7. Ne5 (7. Qc2 g6 8. Nxc4 Nxc4 9. Qxc4 Bg7 10. d3 O-O 11. Bd2 Nd5 12. Qc1 a5 13. Bh6 Bg4 14. Bxg7 Kxg7 15. Ne5 {½-½ (40) Aronian,L (2794)-Vitiugov,N (2735) Karlsruhe/Baden-Baden 2018}) 7... Qd4 8. Nexc4 Nxc4 9. Qa4 Bd7 10. Qxc4 {LiveBook: 4 Partien} Qb6 $146 ({Vorgänger:} 10... Qxc4 11. Nxc4 Bg4 12. Re1 Nd5 13. a3 {1-0 (57) Rozum,I (2581)-Sengupta,D (2563) Kolkata 2018}) 11. d3 g6 12. Qh4 Bg7 13. Nc4 Qd8 14. Bh6 O-O 15. Bxg7 Kxg7 16. Qf4 Be6 17. b4 Bd5 18. Bh3 Bxc4 19. Qxc4 Qd5 20. Qc5 Qd6 21. Rfc1 Rfd8 22. b5 {[%cal Rb5c6]} Qxc5 23. Rxc5 cxb5 24. Rxb5 b6 25. a4 e6 26. a5 Nd7 27. Bg2 Rac8 28. axb6 axb6 29. Bf3 Rc2 30. Ra7 Kf6 31. Kg2 Rc5 32. Rb2 h5 33. h4 Rc1 34. d4 Kg7 35. e3 e5 $2 {[#]} (35... Kf8 $14) 36. Rb5 $1 $18 {[%cal Rb5d5]} exd4 37. Rd5 ({Schwächer ist} 37. exd4 Rcc8 $16) 37... dxe3 38. fxe3 (38. Raxd7 Rxd7 39. Rxd7 Rc2 $16) 38... Ne5 39. Rxe5 ({Nicht} 39. Rxd8 Rc2+ 40. Kf1 Nxf3 $16) 39... Rd2+ 40. Kh3 Rf2 41. Ba8 Rcc2 {[%csl Gc2][%cal Rf2h2] [#]} 42. g4 hxg4+ 43. Kxg4 Rc1 44. Kg3 Rf6 45. Ra2 Rg1+ 46. Bg2 Re1 47. Rf2 b5 48. Rf3 b4 49. Kf2 Rxf3+ 50. Bxf3 {[%mdl 4096] Endspiel KTL-KT} Rb1 51. Rb5 f5 $2 (51... Rb2+ 52. Kg3 Rb3) 52. h5 gxh5 53. Rxf5 Rb2+ 54. Kg3 h4+ 55. Kxh4 Rb3 56. e4 Rb1 57. Kg5 b3 58. Rb5 b2 59. Rb7+ Kf8 60. Kf4 Ke8 61. Be2 Kd8 62. Ke3 Kc8 63. Rb3 Kc7 64. Bd3 Re1+ 65. Kd2 {Precision: Weiß = 73%, Schwarz = 41%.} 1-0

[Event "11th KIIT Festival 2018"]
[Site "Bhubaneswar"]
[Date "2018.06.01"]
[Round "10"]
[White "Sandipan, Chanda"]
[Black "Viani Antonio Dcunha"]
[Result "1/2-1/2"]
[WhiteElo "2573"]
[BlackElo "2424"]
[Annotator "TA"]
[PlyCount "81"]
[EventDate "2018.??.??"]
[EventType "swiss"]
[EventCountry "IND"]
[SourceTitle "playchess.com"]
[Source "ChessBase"]
[SourceQuality "1"]

{[%evp 20,81,57,49,63,53,56,54,65,0,0,-28,12,16,16,8,8,8,3,0,0,0,0,0,0,0,0,0,0,0,0,0,0,0,0,-25,-27,-25,-34,-31,-16,-18,-18,-18,0,0,0,0,0,0,12,19,16,0,85,0,0,0,0,0,0,0,0,0]} 1. d4 Nf6 2. c4 e6 3. Nc3 Bb4 4. e3 Bxc3+ 5. bxc3 c5 6. Bd3 d6 7. Ne2 {[%cal Bg1e2,Be2g3,Bg3f5][%mdl 32]} e5 8. e4 Nc6 9. O-O O-O 10. d5 Ne7 11. Ng3 {LiveBook: 4 Games} h6 {E41: Nimzo-Indian: Rubinstein: 4...c5 5 Bd3, including Hübner Variation} (11... Ng6 12. Nf5 Re8 13. Bg5 Nf4 14. Bc2 h6 15. Bxf6 Qxf6 16. Qf3 g6 17. Nxh6+ Kg7 18. Ng4 Qg5 19. Bd1 Rh8 20. g3 f5 21. exf5 gxf5 22. gxf4 exf4 23. Qg2 fxg4 24. f3 g3 25. hxg3 Bh3 {0-1 (25) Rozum,I (2414)-Andreikin,D (2580) Minsk 2008}) 12. Bd2 $146 ({Predecessor:} 12. f3 Bd7 13. Nf5 Nxf5 14. exf5 b5 15. cxb5 Nxd5 16. c4 Nb6 17. a4 Qf6 18. Be4 Nxc4 19. Bxa8 Rxa8 {½-½ (34) Berry,N (2268)-Pert,R (2424) West Bromwich 2004}) 12... Ng6 13. Nf5 Nf4 {White is slightly better.} 14. Bxf4 (14. Bc2 $1 $14) 14... exf4 $11 15. Qf3 g6 16. Nxh6+ Kg7 17. Qxf4 Nh5 $1 {[%cal Rh5f4]} 18. Qe3 Qh4 19. g3 Qh3 20. Nf5+ Bxf5 21. exf5 Rh8 $1 {( -> ...Nf4!)} 22. f3 {And now Rf2 would win.} Nxg3 $1 {[%csl Gh8][%cal Rh3h2] [#]} 23. f6+ $1 {[%mdl 512]} Kxf6 {[%csl Gh8][%cal Rh3h2]} 24. Qf4+ Nf5 25. Bxf5 $1 Qxf5 26. Qxd6+ Kg7 27. Rae1 Rh4 28. Re4 Rah8 29. Rxh4 Rxh4 $15 {[%mdl 4096] Endgame KQR-KQR} 30. Qe7 Qf4 {[%csl Gh4][%cal Rf4h2]} 31. Qe2 $1 Qd6 32. Rd1 Rh5 33. Qf2 b5 34. cxb5 Rxd5 35. Rxd5 Qxd5 $11 {KQ-KQ} 36. a4 c4 {[#]} (36... Qg5+ $11 37. Kf1 Qc1+ 38. Qe1 Qf4) 37. Qxa7 ({White should try} 37. Qe2 $1 $16) 37... Qg5+ {The position is equal.} 38. Kf1 Qc1+ 39. Kg2 {Black must now prevent Qd4+.} Qg5+ 40. Kh1 {Threatens to win with Qd4+.} Qc1+ 41. Kg2 {Precision: White = 64%, Black = 70%.} 1/2-1/2

[Event "11th KIIT Festival 2018"]
[Site "Bhubaneswar"]
[Date "2018.06.01"]
[Round "10"]
[White "Tukhaev, Adam"]
[Black "Ravi, Teja S"]
[Result "1-0"]
[WhiteElo "2551"]
[BlackElo "2338"]
[Annotator "TA"]
[PlyCount "67"]
[EventDate "2018.??.??"]
[EventType "swiss"]
[EventCountry "IND"]
[SourceTitle "playchess.com"]
[Source "ChessBase"]
[SourceQuality "1"]

{[%evp 14,67,25,22,32,28,37,37,35,27,35,33,35,42,44,28,32,31,37,21,28,24,17,4,18,-8,-6,-6,0,0,5,-7,15,17,97,39,233,207,508,512,536,289,751,740,715,714,1196,772,788,779,756,738,666,473,29993,45]} 1. e4 c6 2. d4 d5 3. exd5 cxd5 4. Bd3 Nc6 5. c3 Qc7 6. Ne2 Bg4 7. O-O {B13: Caro-Kann: Exchange Variation and Panov-Botvinnik Attack} e6 (7... Nf6 8. Qe1 Bxe2 9. Qxe2 g6 10. f4 Bh6 11. Nd2 O-O 12. Qf2 e6 13. Qh4 Bg7 14. Nf3 Ne7 {1-0 (49) Piorun,K (2651)-Rodshtein,M (2699) Katowice 2017}) 8. Qe1 {LiveBook: 66 Games} Bh5 9. Nf4 {White is slightly better.} Nf6 10. Nxh5 Nxh5 11. g3 Bd6 $146 ({Predecessor:} 11... Nf6 12. Nd2 Bd6 13. Nf3 h6 14. Bd2 O-O {1-0 (45) Lobanov,S (2377)-Mesaros,F (2201) Durban 2014}) 12. Nd2 O-O 13. Qe2 g6 14. f4 Rfe8 15. Nf3 f5 16. b3 Nf6 17. Bb2 Ne4 18. c4 {[%cal Bc3c4,Bc4c5][%mdl 32]} Nb4 19. c5 Be7 20. Bb5 $36 {[%mdl 2048] White is pushing.} Nc6 21. a3 a6 22. Bd3 h6 23. b4 g5 (23... Bf6 $11) 24. fxg5 (24. Bxe4 $16 dxe4 25. d5 $1 {[%mdl 512]} exd5 26. fxg5) 24... hxg5 $2 {[#]} (24... Bxg5 $14 25. Nxg5 hxg5) 25. Bxe4 $1 $18 dxe4 $2 (25... fxe4 26. Ne5 Nxe5 27. dxe5 Bf8) 26. d5 exd5 {[#] Black wants to play ...Rf8.} 27. Nxg5 $1 {[%mdl 512]} Bxg5 $2 (27... Rf8) 28. Rxf5 Bh6 {[#]} 29. Qg4+ $1 Kh7 30. Rf6 {Threatening mate with Qg6+.} Bg7 31. Qh5+ Kg8 32. Qxd5+ Kh7 33. Rf7 {White wants to mate with Qh5+.} Re7 (33... Re5 $18 34. Rxc7 Rxd5 35. Rxg7+ Kh6 36. Rxb7 Nd4 37. Bxd4 Rxd4) 34. Qh5+ {Precision: White = 63%, Black = 33%.} 1-0